Statystyki dla Terytoria zależne świata

Kliknij tutaj aby rozwiązać quiz!

Ogólne statystyki

  • Ten quiz został rozwiązany 1 794 razy
  • Średni wynik to 19 z 69

Statystyki odpowiedzi

PosiadłośćTerytorium% Poprawnych
DaniaGrenlandia
85%
W. Owcze
73%
Gujana Francuska
57%
Portoryko
51%
HolandiaAruba
46%
W. Dziewicze St. Zj.
46%
Polinezja Francuska
45%
Falklandy
44%
Martynika
44%
Svalbard
43%
W. Kokosowe
43%
Curacao
41%
Gwadelupa
41%
Nowa Kaledonia
41%
Gibraltar
40%
Guam
40%
Bermudy
39%
Reunion
39%
Samoa Amerykańskie
39%
W. Bożego Narodzenia
39%
W. Cooka
39%
W. Man
39%
Br. W. Dziewicze
37%
Niue
37%
Jersey
35%
Kajmany
34%
Norfolk
32%
Mariany Płn.
31%
Anguilla
29%
Guernsey
28%
Majotta
28%
St-Martin
27%
Tokelau
26%
W. Św. Heleny.....
26%
Pitcairn
25%
Bonaire
24%
St-Pierre i Miquelon
24%
NorwegiaJan Mayen
23%
Wallis i Futuna
23%
Montserrat
22%
Turks i Caicos
22%
Sint Maarten
21%
Midway
19%
Saba
18%
Br. Teryt. Oc. Indyj.
16%
Geor. Płd. i Sand. Płd.
16%
St-Barthelemy
16%
FrancjaFr. Teryt. Płd. i Antarkt.
15%
Wake
15%
W. Heard i McDonalda
14%
W. Morza Koralowego
13%
AustraliaAustr. Teryt. Antarkt.
11%
Stany ZjednoczoneBaker
11%
W. Bouveta
11%
Ziemia Królowej Maud
10%
Wielka BrytaniaAkrotiri
9%
Br. Teryt. Antarkt.
9%
Nowa ZelandiaDependencja Rossa
9%
Howland
9%
Jarvis
9%
Johnston
9%
Palmyra
9%
W. Ashmore i Cartiera
9%
W. Clippertona
9%
W. Piotra I
9%
Dhekelia
8%
Kingman
8%
Sint Eustasius
8%
Navassa
7%

Rozkład punktacji

Percentyl według liczby udzielonych odpowiedzi

Procent ludzi z każdym wynikiem

Twoja historia wyników

Nie rozwiązałeś tego quizu